| 000 | 01619nam0a2200337 i 4500 | ||
|---|---|---|---|
| 001 | RU\NLR\bibl\1988624 | ||
| 005 | 20260405182847.0 | ||
| 010 |
_a9785898147976 _910000 |
||
| 021 |
_aRU _b2012-98074 _97250 |
||
| 035 | _a(nilc)RuMoRGB-006508250 | ||
| 035 | _a(NLR Aleph) 001977184 | ||
| 090 |
_a4038507 _c4038507 |
||
| 100 | _a20130109d2012 u y0rusy50 ca | ||
| 101 | 0 | _arus | |
| 102 | _aRU | ||
| 105 | _ay ||||||||| | ||
| 200 | 1 |
_aВоспитание духовности через приобщение дошкольников к традиционной праздничной культуре русского народа _eметодическое пособие _f[Г. А. Антонова и др.] |
|
| 210 |
_aСанкт-Петербург _cДетство-Пресс _d2012 |
||
| 215 |
_a335 с. _cтабл. _d22 |
||
| 300 | _aНа обл. авт.: Г. А. Антонова, О. М. Ельцова, Н. Н. Николаева | ||
| 320 | _aБиблиогр.: с. 330-331 | ||
| 606 | 1 |
_aДошкольники _jМетодические пособия _xВоспитание на традициях русской культуры _92341851 _3RU\NLR\auth\661399740 |
|
| 610 | 0 | _aигровые обучающие ситуации | |
| 686 | _aЧ411.352я8 | ||
| 702 | 1 |
_4220 _8rus _7ca _aАнтонова _bГ. А. _cканд. мед. наук _gГалина Александровна _3RU\NLR\auth\7779526 _962454 |
|
| 801 | 0 |
_aRU _bRuMoRKP _c20130109 _gRCR |
|
| 801 | 2 |
_aRU _bРГБ _c20130124 _grcr |
|
| 801 | 1 |
_aRU _bRuMoRKP _c20130109 _2rusmarc |
|
| 801 | 2 |
_aRU _bNLR _c20130118 _grcr |
|
| 942 | _cBOOK | ||
| 980 | _aNBR | ||